000 00303nam a2200133Ia 4500
005 20251222144731.0
008 251222s9999||||xx |||||||||||||| ||spa||
020 _a84-85436-63-6
082 _a922.23/R81
100 _aIniesta, Alberto
245 0 _aMonseƱor Romero
264 _bEIPALA
942 _cLIB
999 _c18584
_d18584